Quizzes
Events
Quiz Creation
Community
Videos
Private Events
Remove Ads
Sign In
Join for FREE
Feedback
Dark Mode
Quiz Categories
Sports
Geography
Music
Movies
Television
Just For Fun
Miscellaneous
History
Literature
Language
Science
Gaming
Entertainment
Religion
Holiday
For Kids
Quiz Lab
Recent
Popular Today
Quiz Kudos Today
Editor Picks
Curator Picks
Quizzes by...
Day
Popularity
Type
Ratings
Length
Year
Community
Subscriptions
Recent Discussions
Orange Saloon
Badges
Playlists
Quests
Create
Leaderboards
Showdown
Live 5
Trivia Bingo
Activity
Puzzle Library
Sporcle Events
Private Events
Virtual Trivia
Globe League
Become a Host
Pub Owners
SporcleCon
Opinionation
Our Games
Videos
Blog
Mobile Apps
Partnerships
Remove Ads and Go Orange
Feedback
Sports
Athletes
MLB
NBA
NHL
NFL
Soccer
Sports Teams
WWE
NCAA
Football
Premier League
Basketball
Baseball
Hockey
Golf
Tennis
Cricket
Rugby
Auto Racing
Olympics
World Cup
Sports
Athletes
MLB
NBA
NHL
NFL
Soccer
Sports Teams
WWE
NCAA
Football
Premier League
Basketball
Baseball
Hockey
Golf
Tennis
Cricket
Rugby
Auto Racing
Olympics
World Cup
Random Quiz
Search Sporcle
×
Quiz Lab
Quiz Lab
Sports
guard
Type in answers that appear in a list
Type in answers that appear in a list
Classic
Best Score? Go Orange.
Starting point guard on each team Stats
Can you name the starting point guard on each team?
By
patfoiz
5m
30 Questions
32 Plays
32 Plays
32 Plays
Comments
Comments
Give Quiz Kudos
Give Quiz Kudos
-
- Ratings
hide this ad
Replay
Link that replays current quiz
Next Quiz
Link to next quiz in quiz playlist
You Got
0%
They Got
Avg Score
72%
Avg Friend Score
Upgrade to see
Score Distribution
Jump to the score distribution portion of the page
Score
0/30
Timer
05:00
0
Plays Today
Team
Player
% Correct
Thunder
Russell Westbrook
96.9%
Clippers
Chris Paul
93.8%
Celtics
Rajon Rondo
90.6%
Bulls
Derrick Rose
90.6%
Spurs
Tony Parker
90.6%
Nets
Derron Williams
87.5%
Suns
Steve Nash
87.5%
Hawks
Jeff Teague
84.4%
Heat
Mario Chalmers
84.4%
Bucks
Brandon Jennings
84.4%
Cavaliers
Kyrie Irving
81.3%
Mavericks
Jason KIdd
81.3%
Nuggets
Ty Lawson
81.3%
Grizzlies
Michael Conley
81.3%
Wizards
John Wall
81.3%
Team
Player
% Correct
Pacers
Darren Collison
78.1%
Magic
Jameer Nelson
78.1%
Lakers
Ramon Sessions
71.9%
Knicks
Baron Davis
71.9%
Raptors
Jose Calderon
71.9%
Jazz
Devin Harris
68.8%
76er's
Jrue Holiday
65.6%
Trail Blazers
Raymond Felton
65.6%
Hornets
Jarret Jack
62.5%
Timberwolves
Luke Ridnour
59.4%
Pistons
Brandon Knight
50%
Rockets
Goran Dragic
46.9%
Kings
Isiah Thomas
37.5%
Bobcats
D.J. Augustine
31.3%
Warriors
Nate Robinson
28.1%
Quiz Playlist
Details
Report
Send in Message
Add To Playlist
Classic:
Type in answers that appear in a list
Last Updated: Feb 16, 2017
Quiz Scoreboard
CHALLENGE
Sign Up to Join the Scoreboard
Show All
Scores
Hide
Comments
May contain spoilers
Recently Published
Popular People in 1961
by mucciniale
History
6m
1-10 Letter E Words III
by El_Dandy
Language
2m
One Thing in Common: World Cities II
by knightlancer
Geography
7m
More to Explore
Quiz From the Vault
Featured Blog Post
Where Did the Easter Bunny Come From?
hide this ad
You Might Also Like...
Tags
guard
Player
point
Starting
team
Today's Top Quizzes in Sports
Browse Sports
hide this ad
Today's Top Quizzes in guard
Browse guard
Top Contributed Quizzes in Sports
1
Les meilleurs buteurs des matchs entre le PSG et l’OM
2
Les entraîneurs de l'OM et du PSG au 21e siècle
3
2022 World Cup Stars
4
FIFA Club World Cup Champions
5
Name the Premier League winners with different clubs
6
La finale Lions - Afrique du Sud 2021
7
Criteria MLB: Left Handed Sluggers
8
Players with Multiple 50 Home Run Seasons
9
MLB Players with Two .350 Batting Average Seasons
10
MLB Hall of Famer by Rings
Explore More
Trending Topics
NBA
Kpop
Disney
Harry Potter
Marvel
Crossword
Anime
Country
Puzzle
Pokémon
Song
Soccer
The Office
NFL
WWE
hide this ad
More By:
patfoiz
Quiz
Plays
Rating
Category
Featured
Created
NBA: Name all Number 1 Seeds
5,851
3.70
Sports
Apr 11, 2014
NBA: Jordan, Nike or Adidas
585
5.00
Sports
Apr 10, 2014
NBA: Like Father Like Son
524
4.00
Sports
Apr 12, 2014
NBA Best Player On Each Team
514
1.00
Sports
Apr 1, 2012
Original NBA Team Names (Clickable)
263
5.00
Sports
Apr 11, 2014
Go to Creator's Profile
Score Distribution
Quiz Creator Spotlight
patfoiz
Follow
Send a Message
Quizzes Created
-
Created Quiz Play Count
-
More By This Creator
Popular Quizzes Today
1
Find the US States - No Outlines Minefield
2
The Countries of the World
3
Find the Countries of Europe - No Outlines Minefield
4
Popular People in 1961
5
1-10 Letter E Words III
6
Find the US States
7
One Thing in Common: World Cities II
8
US States
More Sports Quizzes
Find the Mazda Racing Cars
Curator's Pick
Trending Quizzes
Risky Map Clicking: Least Populous States A-Z
1-10 Letter F Words
1-10 Letter G Words
One Thing in Common: United Kingdom
Risky Map Clicking: Next State Alphabetically
Recently Updated
Leaping Animals
pecheneg
Reality TV Shows (A-Z)
bhenderson79
Rickey Henderson's Hall of Fame Teammates
pecheneg
Champions League XIs: Arsenal
pecheneg
Quick Pick: Celebrities in WWE's Hall of Fame
aduchscher
A-Z Keypad Blitz II
pecheneg
Multiple Oscar Actors
pecheneg
Mystery Phrase Blitz: Oscar 'Best Actors'
pecheneg
F. Scott Fitzgerald Novels
LTH
Pick 3 Villains
ddd62291
Trending Topics
Disney
Crossword
Marvel
Kpop
Harry Potter
NBA
Anime
Song
Puzzle
The Office
Country
WWE
Soccer
Pokémon
NFL
Your Account Isn't Verified!
In order to create a playlist on Sporcle, you need to verify the email address you used during registration. Go to your
Sporcle Settings
to finish the process.
Report this User
Report this user for behavior that violates our
Community Guidelines
.
Details:
Send Report
Go to the Sporcle.com Mobile Site →
Comments